Formalisme lagrangien et lois de symetrie

Guardat en:
Dades bibliogràfiques
Autor principal: Gourdin, M (Autor)
Format: Llibre
Idioma:francès
Publicat: París Gordon & Breach 1967
Col·lecció:Cours et documents de mathématique et de physique
Matèries:
Etiquetes: Afegir etiqueta
Sense etiquetes, Sigues el primer a etiquetar aquest registre!

MARC

LEADER 00000nam a2200000 a 4500
001 UCT2037
003 CL-VaPUC
008 961004e19670000FR |||||||||||||||||fre|d
082 0 4 |a 531.62  |b GOU  |2 21 
100 0 |a Gourdin, M  |e author  |9 371113 
245 1 0 |a Formalisme lagrangien et lois de symetrie 
300 |a 99 p 
942 |c BK 
945 |d 19961004 00:00:00  |a paguirre 
260 |a París  |b Gordon & Breach  |c 1967 
650 0 |a Mecánica   |9 260096 
650 0 |a Energía   |9 259431 
650 7 |a CONSERVACION DE LA ENERGIA  |2 CL-VaPUC  |9 262923 
650 7 |a ESPACIOS DE BANACH  |2 CL-VaPUC  |9 260167 
650 0 |a Análisis funcional   |9 269993 
583 |a last modification  |c 19961004 00:00:00  |k Rodrigo Vera 
490 0 |a Cours et documents de mathématique et de physique 
999 |c 252328  |d 252326 
952 |0 0  |1 0  |4 0  |6 531_620000000000000_GOU_1967  |7 0  |8 A  |9 272130  |a BIBCUR  |b BIBCUR  |d 2019-11-19  |i 175727K  |l 1  |o 531.62 GOU 1967  |p 175727K  |r 2025-04-22  |s 2022-06-15  |w 2019-11-19  |y BK  |k BCB